000 00553nam a2200193Ia 4500
003 IN-BaIIA
008 211028s9999 xx 000 0 eng d
020 _a90-277-1087-2
040 _cIIA Library
080 _a082.2:52
_bIAU-S85
245 0 _aStar clusters
_cedited by J. E. Hesser
260 _aDordrecht
_bD. Reidel Publishing
_c1980
300 _a[various pagings.]
650 _aClusters
_911176
650 _aStar Clusters
_96686
650 _aStars
700 _aHesser, J. E., ed.
_911177
942 _cBK
999 _c6529
_d6529